| 000 | 00387nam a22001697a 4500 | ||
|---|---|---|---|
| 005 | 20160623122856.0 | ||
| 008 | 160623b xxu||||| |||| 00| 0 eng d | ||
| 020 | _a81-203-0564-7 | ||
| 041 | _aeng | ||
| 082 | _b9601 | ||
| 100 |
_aDiscoon, Robert J. _92586 |
||
| 245 | _aComplete Course in English | ||
| 260 |
_bPHI _c2002 |
||
| 300 | _a165 | ||
| 650 |
_aManagement _9241 |
||
| 942 | _cBK | ||
| 999 |
_c3689 _d3688 |
||